00507pab a2200157 454500008004000000100001600040245011500056260000900171300001300180362000800193650003800201650003800239650003000277700001600307773002600323180718b2001 xxu||||| |||| 00| 0 eng d aPanda, R.K. aA critical analysis of the working of the multipurpose agricultural cooperatives in Japan and lesson for India c2001 ap.123-36 aApr aAgricultural cooperatives - India aAgricultural cooperatives - Japan aAgricultural cooperatives aIzumida, Y. aAsian Economic Review